Statuts adoptés par le 4e grand congrès du Parti / (Record no. 130686)

MARC details
000 -LEADER
campo de control de longitud fija 00571nam a2200169 i 4500
001 - NÚMERO DE CONTROL
campo de control 130686
003 - IDENTIFICADOR DE NÚMERO DE CONTROL
campo de control ES-MaACL
005 - FECHA Y HORA DE LA ÚLTIMA TRANSACCIÓN
campo de control 20230906193818.0
007 - CAMPO FIJO DE DESCRIPCIÓN FÍSICA--INFORMACIÓN GENERAL
campo de control de longitud fija t|
008 - DATOS DE LONGITUD FIJA--INFORMACIÓN GENERAL
campo de control de longitud fija 070806s1935 tu ||||1| fre d
110 2# - ENTRADA PRINCIPAL--NOMBRE DE ENTIDAD CORPORATIVA
Nombre de entidad corporativa o nombre de jurisdicción como elemento de entrada Parti républicain du peuple (Turquie)
9 (RLIN) 6126
245 10 - MENCIÓN DEL TÍTULO
Título Statuts adoptés par le 4e grand congrès du Parti /
Mención de responsabilidad, etc. Parti républicain de peuple.
260 ## - PUBLICACIÓN, DISTRIBUCIÓN, ETC.
Lugar de publicación, distribución, etc. Ankara :
Nombre del editor, distribuidor, etc. [s.n.],
Fecha de publicación, distribución, etc. 1935 (
Lugar de fabricación/manufactura Istanbul :
Fabricante Soc. anonyme de papeterie et d'imprimerie)
300 ## - DESCRIPCIÓN FÍSICA
Extensión 40 p. ;
Dimensiones 20 cm.
651 #4 - PUNTO DE ACCESO ADICIONAL DE MATERIA--NOMBRE GEOGRÁFICO
Nombre geográfico Turquía-
Subdivisión general Historia.
9 (RLIN) 137381
852 ## - LOCALIZACIÓN
Ubicación ES-MaACL
Número de control de estantería 1804-F-12
Holdings
Estatus retirado Estado de pérdida Estado de daño No para préstamo Colección Biblioteca de origen Biblioteca actual Ubicación en estantería Fecha de adquisición Fuente de adquisición Total de préstamos Signatura topográfica completa Código de barras Visto por última vez Precio de reemplazo Tipo de ítem Koha
        Colección de folletos Biblioteca del Ateneo de Madrid Biblioteca del Ateneo de Madrid Depósito folletos 17/01/2008     1804-F-12 1136066 23/02/2023 23/02/2023 Folleto